000 00329 a2200145 4500
001 154238
040 _cEscola São Tomás de Aquino
100 _aBANVILLE,John
240 1 0 _aO mar
_lpor
245 1 0 _aO mar
362 0 _a2007
440 1 _aNova Fronteira
697 _aOUTRAS LITERATURAS (DIVERSAS LÍNGUAS)
942 _cBK
999 _c154238
_d154238